000 01100njm a22002537a 4500
005 2010090305475.0
006 a|||||r|||||00| 0
007 sd ammalaaahaa
008 100903t xxu||||| |||| 00| 0 eng d
028 _aN 5744
_bHis Master's Voice
035 _aGR-252
100 _aSawai Gandharva
_918037
245 _aJaavo jaavo skhi maadho banmain :
_cby Sawai Gandharva
_h[sound recording]
_btilang /
246 _aजावो जावो सखि माधो बनमें / सवाई गन्धर्व
260 _aDum Dum, India
_bHis Master's Voice
300 _a1 sound disc [Gramophone Recording]
_banalog, 33 1/3rpm ;
_c9.5 in. (MP)
_fGramaphone Records
500 _aBrief record
505 _aSide-2 मनमें मोहन बिराजे-तिलक कामोद (Manmain mohan biraje-tilak kaamod) (Sawai Gandharva)
650 _aClassical music
_xExcerpts
_zIndia
_918040
700 _918050
700 _aRoy, Juthika
_918053
942 _2ddc
_cGR
999 _c43648
_d43648